000 00417nam a2200181Ia 4500
008 210210b1959 xxu||||| |||| 00| 0 eng d
041 _aeng
082 _a828/342
100 _aKABIR (Humayun) Ed
245 _aMaulana Abul Kalam Azad
260 _aBombay
_bAsia Publishing House
_c1959
650 _aMaulana
650 _aKalam
650 _aAzad
650 _aAbul
690 _aBiography
906 _a016187
999 _c135597
_d135597